00390nam a22001097a 450000500170000000800410001702000180005810000160007624501360009226000370022830000150026520251008100022.0251008b |||||||| |||| 00| 0 eng d a9789785593617 aThomas Dapo aThe political Economy of Nigeria-United States relationsb/the Political Economy of Nigeria- United States relations c/Dapo Thomas aIbadan bJohn Archers ltd c2018 a258pc22cm